| 000 | 00859nam a2200265Ia 4500 | ||
|---|---|---|---|
| 003 | GCL | ||
| 005 | 20240530110858.0 | ||
| 008 | 140319s2007 ua 000 0 ara d | ||
| 016 |
_a2007/7536 _2مصر. دار الكتب |
||
| 020 | _a9773513572 | ||
| 040 |
_aGCL / _cGCL |
||
| 082 | 0 | 4 |
_a306/ _bص ت |
| 100 | 0 | _aصلاح قنصوه | |
| 245 | 1 | 0 |
_aتمارين فى النقد الثقافى / _cصلاح قنصوه |
| 250 | _aالاولى | ||
| 260 |
_aالقاهرة : _bدار ميريت، _c2007. |
||
| 300 |
_a194 ص ؛ _c24 سم. |
||
| 650 | 0 | 7 |
_aالسلوك _2qrmak |
| 650 | 0 | 7 |
_aالتخلف الثقافى _2qrmak |
| 650 | 0 | 7 |
_aالوعى الاجتماعى _2qrmak |
| 650 | 0 | 7 |
_aالثقافة الذاتية _2qrmak |
| 650 | 0 | 7 |
_aالمعرفة _2qrmak |
| 650 | 0 | 7 |
_aالانثربولوجيا الثقافية _2qrmak |
| 942 |
_2ddc _cBK |
||
| 999 |
_c66080 _d66080 |
||